| 000 | 00748nam a22002057a 4500 | ||
|---|---|---|---|
| 999 |
_c7604 _d7604 |
||
| 003 | AR-CdUCM | ||
| 008 | 190320b ||||| |||| 00| 0 spa d | ||
| 040 |
_aMUNICIPALIDAD PROVINCIAL DEL CUSCO _cBIBLIOTECA MUNICIPAL DEL CUSCO |
||
| 082 |
_a513 / _bC71 |
||
| 100 |
_aColerus, Egmont _921462 |
||
| 245 |
_aDesde el punto a la cuarta dimensión : _bUna geometría para todos / |
||
| 260 |
_aEspaña : _bLabor, _c1962. |
||
| 300 |
_a365 paginas ; _c22 cm. |
||
| 505 | _aContenido :Todo el mundo es geometría -- Clases de triángulos -- Puntos armónicos -- Geometría esférica -- La razón doble ... | ||
| 650 |
_aDimensión _921463 |
||
| 650 |
_aGeometría _918656 |
||
| 700 |
_aSoler Carrera, David _921464 |
||
| 942 |
_2ddc _cLIBROS |
||
| 945 | _arum | ||